00000000nam 2200000zi 4500
0019.945456
003CaOODSP
00520241122153759
006m     o  d f      
007cr mn|||||||||
008241122t19921992oncad   o    f000 0|eng d
020 |z066220087X
040 |aCaOODSP|beng|erda|cCaOODSP
043 |an-cn---
0861 |aCo22-121/1992E-PDF|zCo22-121/1992E
24500|aBuilding partnerships : |btelevision in transition.
264 1|a[Ottawa] : |bCommunications Canada, |c[1992].
264 4|c©1992
300 |a1 online resource (143 pages) : |billustrations, graphs
336 |atext|btxt|2rdacontent
337 |acomputer|bc|2rdamedia
338 |aonline resource|bcr|2rdacarrier
500 |aDigitized edition from print [produced by Innovation, Science and Economic Development Canada].
500 |aIssued also in French under title: Partenaires pour le changement : la télévision en transition.
500 |a"Reports produced following the Television Industry Summit of December 1991."
650 0|aTelevision broadcasting|zCanada.
650 0|aTelecommunication|zCanada.
7101 |aCanada. |bCommunications Canada, |eissuing body.
77508|tPartenaires pour le changement : |w(CaOODSP)9.945460
7760#|tBuilding partnerships: television in transition : |w(CaOODSP)9.644619
85640|qPDF|s2.95 MB|uhttps://publications.gc.ca/collections/collection_2024/isde-ised/co22/Co22-121-1992-eng.pdf